000 00807nam a2200229Ia 4500
003 GCL
008 140319s9999 xx 000 0 ara d
040 _aGCL /
_cGCL
082 0 4 _a915.1
_bس ص
100 1 _aمختار السويفى
245 1 0 _aسياحة فى ربوع النمور الاسيوية هونج كونج - سنغافوره - تايوان - كوريا الجنوبية /
_cمختار السويفى
700 1 _aسليمان مظهر
300 _a257 ص
490 _aمن ادب الرحلات
_v0
650 0 4 _aالرحلات
650 0 4 _aالسياحة
650 0 4 _aالسياحة - هونج كونج
650 0 4 _aالسياحة - سنغافورة
650 0 4 _aالسياحة - تايوان
650 0 4 _aالسياحة - كوريا الجنوبية
942 _2ddc
_cBK
999 _c52123
_d52123